कबीर और संत कबी अवतारसिंह तुलनात्मक अध्ययन / (Record no. 115614)

MARC details
000 -LEADER
fixed length control field 01178nam a22002657a 4500
005 - DATE AND TIME OF LATEST TRANSACTION
control field 20170124103026.0
010 ## - LIBRARY OF CONGRESS CONTROL NUMBER
LC control number A-324627
020 ## - INTERNATIONAL STANDARD BOOK NUMBER
Terms of availability 100.00
035 ## - SYSTEM CONTROL NUMBER
System control number A-324627
037 ## - SOURCE OF ACQUISITION
Source of stock number/acquisition Cen Lib/Ret
040 ## - CATALOGING SOURCE
Original cataloging agency DPL
Language of cataloging HN
082 ## - DEWEY DECIMAL CLASSIFICATION NUMBER
Classification number 821.08
Item number शर्मा
100 ## - MAIN ENTRY--PERSONAL NAME
Personal name शर्मा , विजय
9 (RLIN) 62285
245 ## - TITLE STATEMENT
Title कबीर और संत कबी अवतारसिंह तुलनात्मक अध्ययन /
Statement of responsibility, etc विजय शर्मा
246 ## - VARYING FORM OF TITLE
Title proper/short title Kabir aur sant kabi avtarsingh tulnatmak adhyyan
Remainder of title by Vijay Sharma
260 ## - PUBLICATION, DISTRIBUTION, ETC. (IMPRINT)
Place of publication, distribution, etc दिल्ली
Name of publisher, distributor, etc कनिष्क प्रकाशन
Date of publication, distribution, etc 1986
270 ## - ADDRESS
Address 1449/67,गली न. 6-दुर्गा पूरी शाहदरा
City दिल्ली
Postal code 110032
300 ## - PHYSICAL DESCRIPTION
Extent 252पृष्ठ.
Dimensions 20सेमी(सजिल्द)
500 ## - GENERAL NOTE
General note सहायक ग्रन्थ सूची शामिल
650 ## - SUBJECT ADDED ENTRY--TOPICAL TERM
Topical term or geographic name as entry element हिंदी साहित्य
9 (RLIN) 62286
650 ## - SUBJECT ADDED ENTRY--TOPICAL TERM
Topical term or geographic name as entry element कबीर जीवन
9 (RLIN) 1541
650 ## - SUBJECT ADDED ENTRY--TOPICAL TERM
Topical term or geographic name as entry element hindi literature
9 (RLIN) 62287
650 ## - SUBJECT ADDED ENTRY--TOPICAL TERM
Topical term or geographic name as entry element Kabir - Life
9 (RLIN) 62288
942 ## - ADDED ENTRY ELEMENTS (KOHA)
Source of classification or shelving scheme Dewey Decimal Classification
Koha item type Hindi Books
Classification part 821.08
Call number suffix शर्मा
Holdings
Withdrawn status Lost status Damaged status Not for loan Home library Current library Date acquired Source of acquisition Cost, normal purchase price Total Checkouts Full call number Barcode Date last seen Copy number Cost, replacement price Price effective from Koha item type
        Central Library Central Library 21/08/2015 Cen Lib/Ret 100.00   821.08 शर्मा A-324627 21/08/2015 1 100.00 21/08/2015 Hindi Books

© Delhi Public Library
Hit Counter
free hit counter